| 000 | 00539nam a22001937a 4500 | ||
|---|---|---|---|
| 003 | SISC | ||
| 005 | 20160302122530.0 | ||
| 008 | 130907t xxu||||| |||| 00| 0 eng d | ||
| 020 | _a9780750210942 | ||
| 050 |
_aPZ 8.1 _b.H913 1994 |
||
| 082 |
_aHS 398.20954 _bH86 1994 |
||
| 100 |
_aHull, Robert _917031 |
||
| 245 |
_aIndian stories / _cRobert R. Hull. |
||
| 260 |
_aEngland : _bWayland (Publishers) Ltd, _c1994. |
||
| 300 |
_a48 p. ; _bill. col. ; _c28 cm. |
||
| 650 |
_aIndian stories _917132 |
||
| 942 |
_2lcc _cBK |
||
| 999 |
_c10627 _d10627 |
||